00275nam a22001097a 4500041000800000082001500008100001900023245006500042260002700107300000800134650002300142 aENG a201.7bVIN aVinayaraj Y.T. aPassion for the Real: Political Theology and the Postsecular aNew DelhibISPCKc2025 a151 aPolitical theology